000 00376pab a2200145 454500
008 180718b1989 xxu||||| |||| 00| 0 eng d
100 _aKopardekar, H.D.
245 _aEvolution of urban local government in India
_bRole and form
260 _c1989
300 _a2-11
362 _aSept.
650 _aLocal Government - India
773 _aStharik Swarajya
909 _a12745
999 _c12745
_d12745